000 00300nam a2200121Ia 4500
008 220216s9999 xx 000 0 und d
100 _aFernando P
245 0 _aWhats holding Lanka back on export front ?
260 _bRubber Asia
_c2002
300 _a134,140
700 _aFernando S M
942 _cJS
999 _c72381
_d72381